000 00268nam a2200121Ia 4500
008 190216s9999||||xx |||||||||||||| ||und||
100 _aSudheer Saxena
245 0 _aHindi-Yek Athvar Chamathkar
260 _bSwadikar
300 _a72
650 _aHindi
942 _cBK
999 _c16348
_d16348